Etiqueta de registo: 01454cam 02200433 04500
001 1976624
003 http://id.bnportugal.gov.pt/bib/catbnp/1976624
010 ## $a978-989-694-174-1
021 ## $aPT$b443761/18
100 ## $a20171117d2018 m y0pory01030103ba
101 1# $apor$ceng
102 ## $aPT
105 ## $ay z 001yy
106 ## $ar
200 1# $aColaboração$fHermínia Ibarra... [et al.]
210 #9 $aLisboa$cColibri,$d2018
215 ## $a199 p.$d21 cm
225 2# $aHBR - 10 artigos essenciais$v16
304 ## $aTít. orig.: HBR's 10 must reads : on collaboration
675 ## $a005.57(042)$vBN$zpor$31253621
701 #1 $aIbarra,$bHermínia$4070$31666424
801 #0 $aPT$bBN$gRPC
856 41 $uhttp://rnod.bnportugal.gov.pt/ImagesBN/winlibimg.aspx?skey=&doc=1976624&img=115054&save=true
900 ## $aBIBNAC$d20181019
966 ## $lBN$mFGMON$sP. 51516 V.$x1
966 ## $lBN$mFGMON$sP. 51516 V.-D$x1